000 00659nam a2200145Ia 4500
008 171212s9999 xx 000 0 und d
020 _a9781740761161
100 _aAttenbrow, Val
245 _cAttenbrow, Val
_aWhat's Changing: Population Size or Land-Use Patterns?
_bThe archaeology of Upper Mangrove Creek, Sydney Basin
260 _bANU E Press
_c2006
440 _aTerra Australis
650 _aAboriginal Australians -- New South Wales -- Mangrove Creek -- Antiquities; Excavations (Archaeology) -- New South Wales -- Mangrove Creek; Mangrove Creek (N.S.W.) -- Antiquities
650 _aArchaeology
856 _uwww.jstor.org/stable/10.2307/j.ctt24h8wg
999 _c351420
_d351420